State Animals Quiz Stats

 Plays Quiz not verified by Sporcle

Support Sporcle.
Go Orange.
Score 0/45 Timer 12:00
0 Plays Today
Animal State % Correct
(State Name) Panther, Manatee, PorpoiseFlorida
90.6%
Badger, American Water Spaniel, Dairy CowWisconsin
89%
Tabby Cat, Boston Terrier, Morgan Horse, Right WhaleMassachusetts
87.8%
Mexican Free-tailed Bat, Longhorn, 9-banded ArmadilloTexas
87.3%
(State Name) Grizzly Bear, (State Name) Gray WhaleCalifornia
86.2%
Calico Cat, Chesapeake Bay Retriever, Thoroughbred HorseMaryland
85.1%
Moose, (State Name) Coon CatMaine
84%
Rocky Mountain Bighorn SheepColorado
82.9%
BeaverOregon
82.3%
Desert Bighorn SheepNevada
81.8%
OrcaWashington
81.2%
Nokota HorseNorth Dakota
80.7%
Grizzly BearMontana
79.6%
Rocky Mountain ElkUtah
77.9%
Moose, Bowhead WhaleAlaska
77.3%
BisonWyoming
77.3%
Sperm WhaleConnecticut
76.8%
Humpback WhaleHawaii
76.8%
Thoroughbred Horse, Gray SquirrelKentucky
76.8%
White-tailed Deer, Great DanePennsylvania
75.1%
(State Name) Walking Horse, RaccoonTennessee
74%
American BuffaloKansas
73.5%
White-tailed DeerMichigan
73.5%
Animal State % Correct
RingtailArizona
72.9%
Appaloosa HorseIdaho
72.9%
(State Name) Catahoula Leopard Dog, Black BearLouisiana
72.9%
(State Name) Mule, (State Name) Fox Trotting HorseMissouri
72.9%
Bison, RaccoonOklahoma
72.9%
CoyoteSouth Dakota
72.9%
White-tailed DeerIllinois
72.4%
White-tailed DeerNebraska
72.4%
Right WhaleGeorgia
71.8%
Red Fox, Bottlenose DolphinMississippi
71.8%
White-tailed deerArkansas
70.7%
American BeaverNew York
70.7%
Plott Hound, Gray SquirrelNorth Carolina
70.7%
(State Name) Big-eared Bat, American FoxhoundVirginia
70.7%
Boykin Spaniel, White-tailed DeerSouth Carolina
70.2%
Racking HorseAlabama
69.6%
Black BearNew Mexico
69.6%
Black BearWest Virginia
69.1%
HorseNew Jersey
68.5%
Morgan HorseVermont
68.5%
White-tailed DeerNew Hampshire
67.4%
White-tailed DeerOhio
66.3%

You're not logged in!

Compare scores with friends on all Sporcle quizzes.
OR
Log In

From the Vault

Movie Posters

by Derek

The best movie posters capture the spirit of a movie in a single picture. This quiz does that 24 times!
Remove Ads.
Support Sporcle.
Get the best of Sporcle when you Go Orange. This ad-free experience offers more features, more stats, and more fun while also helping to support Sporcle. Thank you for becoming a member.

Show Comments

Extras

Top Quizzes Today


Score Distribution

Your Account Isn't Verified!

In order to create a playlist on Sporcle, you need to verify the email address you used during registration. Go to your Sporcle Settings to finish the process.

Report this User

Report this user for behavior that violates our Community Guidelines.

Details: